Orange Thottathile Athidhi (Record no. 137855)

MARC details
000 -LEADER
fixed length control field 00573nam a22002177a 4500
003 - CONTROL NUMBER IDENTIFIER
control field OSt
005 - DATE AND TIME OF LATEST TRANSACTION
control field 20260401110703.0
008 - FIXED-LENGTH DATA ELEMENTS--GENERAL INFORMATION
fixed length control field 260401b |||||||| |||| 00| 0 eng d
020 ## - INTERNATIONAL STANDARD BOOK NUMBER
International Standard Book Number 978-93-5962-362-7
040 ## - CATALOGING SOURCE
Transcribing agency SBCL
082 ## - DEWEY DECIMAL CLASSIFICATION NUMBER
Classification number 894.8123
Item number JOS-O
100 ## - MAIN ENTRY--PERSONAL NAME
Personal name Jose,Lajo
245 ## - TITLE STATEMENT
Title Orange Thottathile Athidhi
250 ## - EDITION STATEMENT
Edition statement 19th ed.
260 ## - PUBLICATION, DISTRIBUTION, ETC.
Place of publication, distribution, etc. Kozhikode
Name of publisher, distributor, etc. Mathrubhumi Books
Date of publication, distribution, etc. 2026
300 ## - PHYSICAL DESCRIPTION
Extent 199p.
630 ## - SUBJECT ADDED ENTRY--UNIFORM TITLE
General subdivision Literature & rhetoric
650 ## - SUBJECT ADDED ENTRY--TOPICAL TERM
Topical term or geographic name entry element Literatures of other languages
650 ## - SUBJECT ADDED ENTRY--TOPICAL TERM
Topical term or geographic name entry element Literatures of East & Southeast Asia
942 ## - ADDED ENTRY ELEMENTS (KOHA)
Koha item type BOOK
Holdings
Withdrawn status Lost status Source of classification or shelving scheme Damaged status Not for loan Home library Current library Date acquired Total Checkouts Full call number Barcode Shelving location Date last seen Cost, replacement price Price effective from Koha item type
    Dewey Decimal Classification     SB LIBRARY SB LIBRARY 01/04/2026   894.8123 JOS-O 143414 GENERAL STACK 01/04/2026 300.00 01/04/2026 BOOK

Powered by Koha